000 00423nam a22001817a 4500
005 20260311150220.0
008 260311b |||||||| |||| 00| 0 eng d
020 _a978-93-5532-048-3
041 _aeng
082 _a658.8 GUP-D
100 _aGUPTA, SEEMA
_98898
245 _aDIGITAL MARKETING
250 _a3RD ED.
260 _aCHENNAI
_bMcGRAW HILL
_c2023
300 _a546;P
650 _aMANAGEMENT
942 _cBK
999 _c9080
_d9078